<?xml version="1.0" encoding="UTF-8"?>
<record
    xmlns:xsi="http://www.w3.org/2001/XMLSchema-instance"
    xsi:schemaLocation="http://www.loc.gov/MARC21/slim http://www.loc.gov/standards/marcxml/schema/MARC21slim.xsd"
    xmlns="http://www.loc.gov/MARC21/slim">

  <leader>00636nam a22001937a 4500</leader>
  <datafield tag="999" ind1=" " ind2=" ">
    <subfield code="c">171104</subfield>
    <subfield code="d">171104</subfield>
  </datafield>
  <controlfield tag="005">20200106170419.0</controlfield>
  <datafield tag="010" ind1=" " ind2=" ">
    <subfield code="a">A-842086</subfield>
  </datafield>
  <datafield tag="020" ind1=" " ind2=" ">
    <subfield code="c">18.00</subfield>
    <subfield code="a">-</subfield>
  </datafield>
  <datafield tag="035" ind1=" " ind2=" ">
    <subfield code="a">A-842086</subfield>
  </datafield>
  <datafield tag="037" ind1=" " ind2=" ">
    <subfield code="b">DBAD/PUB</subfield>
    <subfield code="a">-</subfield>
  </datafield>
  <datafield tag="082" ind1=" " ind2=" ">
    <subfield code="a">841.08</subfield>
  </datafield>
  <datafield tag="100" ind1=" " ind2=" ">
    <subfield code="a">&#x622; &#x644; &#x627; &#x62D;&#x645;&#x62F; &#x633;&#x631; &#x648; &#x631; </subfield>
  </datafield>
  <datafield tag="245" ind1=" " ind2=" ">
    <subfield code="a">&#x62C;&#x62F; &#x64A;&#x62F;  &#x64A;&#x62A; &#x627; &#x648; &#x631; &#x627; &#x642;&#x628;&#x627; &#x644; </subfield>
    <subfield code="c">&#x622; &#x644; &#x627; &#x62D;&#x645;&#x62F; &#x633;&#x631; &#x648; &#x631; </subfield>
  </datafield>
  <datafield tag="246" ind1=" " ind2=" ">
    <subfield code="b">Jadeediat Aur Iqbal   (Urdu)</subfield>
    <subfield code="a">by Prof.Al Ahmed Saroor </subfield>
  </datafield>
  <datafield tag="260" ind1=" " ind2=" ">
    <subfield code="a">Kashmir</subfield>
    <subfield code="b">Iqbal Institute</subfield>
    <subfield code="c">1985&#x621;</subfield>
  </datafield>
  <datafield tag="270" ind1=" " ind2=" ">
    <subfield code="a">Maktaba Jamia Ltd.Patodi House,Darya Ganj</subfield>
    <subfield code="b">N.Delhi</subfield>
    <subfield code="e">2</subfield>
    <subfield code="k">-</subfield>
    <subfield code="l">-</subfield>
  </datafield>
  <datafield tag="300" ind1=" " ind2=" ">
    <subfield code="a">124 &#x635; </subfield>
    <subfield code="c">22 Cm(Hb)</subfield>
  </datafield>
  <datafield tag="942" ind1=" " ind2=" ">
    <subfield code="2">ddc</subfield>
    <subfield code="c">UR</subfield>
    <subfield code="h">841.08</subfield>
    <subfield code="m">&#x627; &#x642; &#x628;  </subfield>
  </datafield>
  <datafield tag="952" ind1=" " ind2=" ">
    <subfield code="0">0</subfield>
    <subfield code="1">0</subfield>
    <subfield code="4">0</subfield>
    <subfield code="7">0</subfield>
    <subfield code="8">NFIC</subfield>
    <subfield code="a">L</subfield>
    <subfield code="b">L</subfield>
    <subfield code="d">2020-01-06</subfield>
    <subfield code="e">BPPD/Ven.</subfield>
    <subfield code="g">18.00</subfield>
    <subfield code="l">0</subfield>
    <subfield code="o">841.08 &#x627; &#x642; &#x628;</subfield>
    <subfield code="p">A-842086</subfield>
    <subfield code="r">2020-01-06 00:00:00</subfield>
    <subfield code="t">1</subfield>
    <subfield code="v">18.00</subfield>
    <subfield code="w">2020-01-06</subfield>
    <subfield code="y">UR</subfield>
  </datafield>
</record>
